000 00883cam a2200289 a 4500
005 20260322212051.0
008 data
010 _a 88011515
020 _a0895773074
020 _a9780895773074
040 _aDLC
_cDLC
_dDLC
043 _an-us---
050 0 0 _aE178.6
_b.S896 1989
082 0 0 _a973
_219
092 _a973 S896 1989
245 1 0 _aStrange stories, amazing facts of America's past.
260 _aPleasantville, N.Y. :
_bReader's Digest Association,
_cc1989.
300 _a416 p. :
_bill. (some col.) ;
_c26 cm.
500 _aAt head of title: Reader's digest.
500 _aIncludes index.
651 0 _aUnited States
_xAnecdotes.
_xAnecdotes.
730 0 _aReader's digest.
906 _a7
_bcbc
_corignew
_d1
_eocip
_f19
_gy-gencatlg
925 0 _aAcquire
_b2 shelf copies
_xpolicy default
955 _fsf10 2004-03-23 (rev sf02)
_gsf10 2004-03-23
001 data
999 _c1200
_d1200